| 000 | 00718nam a2200217Ii 4500 | ||
|---|---|---|---|
| 003 | JO-AjNU | ||
| 008 | 230605s9999||||xx |||||||||||||| ||und|| | ||
| 017 | _a1987/410 | ||
| 040 |
_aJO-AjNU _bara _erda _cJO-AjNU |
||
| 041 | _aara | ||
| 050 | 1 | 4 | _aDS79 1987 |
| 100 | 3 |
_aأحمد، كمال مظهر, _eauthor _936377 |
|
| 245 | 0 | 0 | _aصفحات من تاريخ العراق المعاصر: دراسات تحليلية |
| 250 | _aط1 | ||
| 264 | 3 | 1 | _aبغداد: منشورات مكتبة البدلسي، 1987 |
| 300 | _a196ص | ||
| 336 |
_atext _btxt _2rdacontent |
||
| 337 |
_aunmediated _bn _2rdamedia |
||
| 338 |
_avolume _bnc _2rdacarrier |
||
| 650 | 4 |
_aالعراق- العصر الحديث-تاريخ _936378 |
|
| 999 |
_aA15109 _c18677 _d18677 |
||